Catálogo
 En Linea

Distribución del ingreso y empresas transnacionales / (Registro nro. 23023)

Detalles MARC
000 -CABECERA
campo de control de longitud fija 00840nam a2200217 a 4500
001 - NÚMERO DE CONTROL
campo de control 000023527
005 - FECHA Y HORA DE LA ÚLTIMA TRANSACCIÓN
campo de control 20240402131926.0
008 - DATOS DE LONGITUD FIJA--INFORMACIÓN GENERAL
campo de control de longitud fija 101210s1977 sp a r 000 0 spa d
020 ## - NÚMERO INTERNACIONAL ESTÁNDAR DEL LIBRO
Número Internacional Estándar del Libro 8437501245
040 ## - FUENTE DE LA CATALOGACIÓN
Centro catalogador/agencia de origen DO-SdBNP
Lengua de catalogación spa
Centro/agencia transcriptor BNPHU
082 ## - NÚMERO DE LA CLASIFICACIÓN DECIMAL DEWEY
Número de clasificación xxxxxx
Número de documento/Ítem V132d
049 ## - FONDOS LOCALES (OCLC)
Fondos de biblioteca BNGR
100 ## - ENTRADA PRINCIPAL--NOMBRE DE PERSONA
Nombre de persona Vaitsos, Constantine V
9 (RLIN) 48494
245 10 - MENCIÓN DE TÍTULO
Título Distribución del ingreso y empresas transnacionales /
Mención de responsabilidad, etc. Constantine V. Vaitsos ; traducción Alejandro Nadal , Sofía Méndez Villareal.
260 ## - PUBLICACIÓN, DISTRIBUCIÓN, ETC.
Lugar de publicación, distribución, etc. Madrid :
Nombre del editor, distribuidor, etc. Fondo de Cultura Económica,
Fecha de publicación, distribución, etc. 1977.
300 ## - DESCRIPCIÓN FÍSICA
Extensión 198 p. :
Otras características físicas il. ;
Dimensiones 21 cm.
504 ## - NOTA DE BIBLIOGRAFÍA, ETC.
Nota de bibliografía, etc. Incluye referencias bibliográficas y notas al pie de las páginas.
534 ## - NOTA SOBRE LA VERSIÓN ORIGINAL
Encabezamiento principal del original Intercountry income distribution and transnational enterprises.
700 1# - PUNTO DE ACCESO ADICIONAL--NOMBRE DE PERSONA
Nombre de persona Nadal, Alejandro,
Término indicativo de función/relación tr.
9 (RLIN) 48495
700 1# - PUNTO DE ACCESO ADICIONAL--NOMBRE DE PERSONA
Nombre de persona Méndez Villareal, Sofía,
Término indicativo de función/relación tr.
9 (RLIN) 48496
Existencias
Estado de retiro Estado de pérdida Restricciones de uso No para préstamo Código de colección Localización permanente Ubicación/localización actual Ubicación en estantería Fecha de adquisición Número de inventario Total de préstamos Signatura topográfica completa Código de barras Fecha visto por última vez Precio válido a partir de Tipo de ítem Koha Número de copia
        Monografías: Libros y Folletos General General En catalogación 10.12.2010 LF1   xxxxxx V132d 23527-10 25.06.2020 25.06.2020 Préstamo en sala  
      Préstamo restrigido Monografías: Libros y Folletos General General En catalogación 10.12.2010 LF1   xxxxxx V132d 23527-20 25.06.2020 25.06.2020 Préstamo en sala e. 2

Con tecnología Koha